• 首页
  • 本馆介绍
  • 公告通知
  • 最新文献
  • 馆藏检索
  • 电子资源
  • 读者导购
  • 参考咨询
  • 我的图书馆
  • 登录
  • 详细信息显示
  • 放入我的书架
  • 预约/预借图书
  • 作者相关作品
  • 分类相关作品
  • 丛书相关作品
  • 出版社相关作品

书目信息

  • 表格格式
  • 工作单格式
  • 卡片格式
题名:
项目投资决策经济分析
    
 
作者: 林文俏 编著
分册:  
出版信息: 广州   中山大学出版社  2002.08
页数: 266页
开本: 20cm
丛书名:
单 册:
中图分类: F283
科图分类:
主题词: 基本建设经济 , 基本建设 , 基本建设经济学 , 基本建设优化学
电子资源:
ISBN: 7-306-01988-0
000 00706nam0 2200253 450
001 0835201234
005 20080611094846.86
010    @a7-306-01988-0@dCNY14.80
100    @a20080611d2002 km y0chiy0120 ea
101 0  @achi
102    @aCN@b440000
200 1  @a项目投资决策经济分析@Axiang mu tou zi jue ce jing ji fen xi@f林文俏编著@Flin wen qiao bian zhu
205    @a2版
210    @a广州@c中山大学出版社@d2002.08
215    @a266页@d20cm
300    @a金融学课系列教材
606 0  @a基本建设经济
606 0  @a基本建设
606 0  @a基本建设经济学
606 0  @a基本建设优化学
690    @aF283@v4
701  0 @a林文俏@Alin wen qiao@4编著
801  0 @aCN@bNISOFT@c20080611
905    @aBZT@dF283@e1
    
    项目投资决策经济分析/林文俏编著.-2版.-广州:中山大学出版社,2002.08
    266页;20cm
    金融学课系列教材
    
    ISBN 7-306-01988-0:CNY14.80
    
●
相关链接 在五车中查询图书 在当当中查询图书 在豆瓣中查询图书


正题名:项目投资决策经济分析     索取号:F283/1         预约/预借

序号 登录号 条形码 馆藏地/架位号 状态 备注
1 675207   2000675207   中心书库北库/ 北库016架A面3列2层9/ [索取号:F283/1] 在馆    
2 675208   2000675208   中心书库北库/ 北库016架A面3列2层1/ [索取号:F283/1] 在馆    
3 675209   2000675209   中心书库北库/ 北库016架A面3列2层8/ [索取号:F283/1] 在馆    
4 675210   2000675210   中心书库北库/ 北库016架A面3列2层2/ [索取号:F283/1] 在馆    
5 675211   2000675211   中心书库北库/ 北库016架A面3列2层7/ [索取号:F283/1] 在馆    
6 675212   2000675212   中心书库北库/ 北库016架A面3列2层6/ [索取号:F283/1] 在馆    
7 675213   2000675213   中心书库北库/ 北库016架A面3列2层5/ [索取号:F283/1] 在馆    
8 675214   2000675214   中心书库北库/ 北库016架A面3列2层4/ [索取号:F283/1] 在馆    
9 675215   2000675215   中心书库北库/ 北库016架A面3列2层3/ [索取号:F283/1] 在馆    
10 675216   2000675216   中心书库北库/ 北库016架A面3列2层15/ [索取号:F283/1] 在馆    
山东省滨州职业学院图书馆 欢迎您!
大连网信软件有限公司© 版权所有